Seedbed of Pakistan: cultural conflicts, elite muslim anxieties, and the congress 1885 - 1906 (Record no. 1227086)

MARC details
000 -LEADER
fixed length control field 00688nam a2200217Ia 4500
005 - DATE AND TIME OF LATEST TRANSACTION
control field 20241129110032.0
008 - FIXED-LENGTH DATA ELEMENTS--GENERAL INFORMATION
fixed length control field 241129s9999||||xx |||||||||||||| ||und||
020 ## - INTERNATIONAL STANDARD BOOK NUMBER
International Standard Book Number 978-93-90961-89-4
037 ## - SOURCE OF ACQUISITION
Stock number TB
040 ## - CATALOGING SOURCE
Original cataloging agency ARTS
Language of cataloging eng
Transcribing agency ARTS
041 ## - LANGUAGE CODE
Language code of text/sound track or separate title eng
Source of code eng
084 ## - COLON CLASSIFICATION NUMBER
Classification number V44Q7.N R3
Assigning agency ARTS
100 ## - MAIN ENTRY--PERSONAL NAME
Personal name Dey Saumya Au.
9 (RLIN) 726986
245 #0 - TITLE STATEMENT
Title Seedbed of Pakistan: cultural conflicts, elite muslim anxieties, and the congress 1885 - 1906
Statement of responsibility, etc. Dey Saumya Au.
260 ## - PUBLICATION, DISTRIBUTION, ETC.
Place of publication, distribution, etc. New Delhi, India
Name of publisher, distributor, etc. New Vitasta Publishing Pvt. Ltd.
Date of publication, distribution, etc. 2022
300 ## - PHYSICAL DESCRIPTION
Extent viii,215p.
365 ## - TRADE PRICE
Price type code INR
Price amount 525
650 ## - SUBJECT ADDED ENTRY--TOPICAL TERM
Topical term or geographic name entry element History-Pakistan
9 (RLIN) 249956
942 ## - ADDED ENTRY ELEMENTS (KOHA)
Koha item type Textbook
Classification part V44Q7.N R3
Holdings
Withdrawn status Lost status Damaged status Not for loan Home library Current library Date acquired Source of acquisition Cost, normal purchase price Inventory number Total Checkouts Full call number Barcode Date last seen Price effective from Koha item type
        Arts Library Arts Library 2024-11-29 Vitasta Publishing Pvt. Ltd. 525.00 950/2023/24 & 14/12/2023   V44Q7.N R3 AL1803119 2024-11-29 2024-11-29 Textbook
Copyright @ Delhi University Library System